| 000 | 00671nam a22001697a 4500 | ||
|---|---|---|---|
| 999 |
_c11570 _d11570 |
||
| 008 | 181212b ||||| |||| 00| 0 eng d | ||
| 082 |
_22017 _aUT 1078 _bB22 |
||
| 100 |
_aBaquirel, Chris John V. _933169 |
||
| 245 |
_aTrend of crimes in the Municipality of Matanao for the year 2015 and 2016 / _cChris John V. Baquirel, Mark Elly H. Lamsen, and Jay Q. Cenita |
||
| 260 |
_aDigos City: _bUMDC _cNovember 2017. |
||
| 300 |
_a36 pages ; _c29 cm. |
||
| 650 |
_aCriminal Justice Education _vCriminology _xUndergraduate Thesis. _933107 |
||
| 700 |
_aBaquirel, Chris John V. _933169 |
||
| 700 |
_aLamsen, Mark Elly V. _933170 |
||
| 700 |
_aCenita, Jay Q. _933171 |
||
| 942 |
_2ddc _cUT |
||